<?xml version="1.0" encoding="UTF-8"?><?xml-stylesheet type="text/xsl" href="static/style.xsl"?><OAI-PMH xmlns="http://www.openarchives.org/OAI/2.0/" xmlns:xsi="http://www.w3.org/2001/XMLSchema-instance" xsi:schemaLocation="http://www.openarchives.org/OAI/2.0/ http://www.openarchives.org/OAI/2.0/OAI-PMH.xsd"><responseDate>2026-06-01T17:38:55Z</responseDate><request verb="GetRecord" identifier="oai:riuma.uma.es:10630/3965" metadataPrefix="marc">https://riuma.uma.es/rest/oai/request</request><GetRecord><record><header><identifier>oai:riuma.uma.es:10630/3965</identifier><datestamp>2026-02-03T12:49:51Z</datestamp><setSpec>com_10630_27</setSpec><setSpec>com_10630_3139</setSpec><setSpec>com_10630_10</setSpec><setSpec>col_10630_573</setSpec></header><metadata><record xmlns="http://www.loc.gov/MARC21/slim" xmlns:dcterms="http://purl.org/dc/terms/" xmlns:doc="http://www.lyncode.com/xoai" xmlns:xsi="http://www.w3.org/2001/XMLSchema-instance" xsi:schemaLocation="http://www.loc.gov/MARC21/slim http://www.loc.gov/standards/marcxml/schema/MARC21slim.xsd">
   <leader>00925njm 22002777a 4500</leader>
   <datafield ind2=" " ind1=" " tag="042">
      <subfield code="a">dc</subfield>
   </datafield>
   <datafield ind2=" " ind1=" " tag="720">
      <subfield code="a">Salazar Mendías, Carlos</subfield>
      <subfield code="e">author</subfield>
   </datafield>
   <datafield ind2=" " ind1=" " tag="720">
      <subfield code="a">García Fuentes, Antonio</subfield>
      <subfield code="e">author</subfield>
   </datafield>
   <datafield ind2=" " ind1=" " tag="720">
      <subfield code="a">Valle, Francisco</subfield>
      <subfield code="e">author</subfield>
   </datafield>
   <datafield ind2=" " ind1=" " tag="260">
      <subfield code="c">2001</subfield>
   </datafield>
   <datafield ind2=" " ind1=" " tag="520">
      <subfield code="a">Datos sobre la vegetación edafohigrófila del sector Malacitano-Almijarense (Málaga-Granada, sur de España). Se ha realizado un estudio acerca de la vegetación edafohigrófila desarrollada en las riberas de algunos ríos pertenecientes a los territorios calizo-dolomíticos de las sierras de Almijara, Tejeda, Cázulas, Guájares y Sierra Nevada (sector Malacitano-Almijarense, provincia Bética). Se han detectado un total de 25 fitocenosis (20 asociaciones, 4 subasociaciones y 1 comunidad) encuadrables en 13 clases fitosociológicas, de las cuales se aportan datos acerca de sus características estructurales, florísticas, ecológicas, corológicas y dinámicas. Cabe destacar la ampliación del areal corológico actualmente conocido hasta el sector Malacitano-Almijarense de los herbazales-brezales de Molinio arundinaceae-Ericetum erigenae Costa, Peris y Figuerola 1983, los adelfares de Erico terminalis-Nerietum oleandri Rivas Goday y Esteve ass. nova (que se validan en este trabajo) y las saucedas de Erico-Salicetum pedicellatae Esteve 1973. Por otra parte, como novedades destacan los juncales negros de Hyperico caprifolii-Schoenetum nigricantis Gómez Mercado y F. Valle 1992 ericetosum terminalis subass. nova, las mimbreras dolomitícolas de Erico terminalis-Salicetum eleagni ass. nova y las choperas blancas termomediterráneas con sauce pedicelado de la subasociación Rubio tinctorum-Populetum albae salicetosum pedicellatae subass. nova. Por último se describen las tres geoseries de vegetación riparia presentes en el área de estudio.</subfield>
   </datafield>
   <datafield ind1="8" ind2=" " tag="024">
      <subfield code="a">Acta Botánica Malacitana, Nº 26&#xd;
, 2001, Págs. 111&#xd;
-142</subfield>
   </datafield>
   <datafield ind1="8" ind2=" " tag="024">
      <subfield code="a">02109506</subfield>
   </datafield>
   <datafield ind1="8" ind2=" " tag="024">
      <subfield code="a">http://hdl.handle.net/10630/3965</subfield>
   </datafield>
   <datafield ind2="0" ind1="0" tag="245">
      <subfield code="a">Datos sobre la vegetación edafohigrófila del sector Malacitano-Almijarense (Málaga-Granada, sur de España)</subfield>
   </datafield>
</record>
</metadata></record></GetRecord></OAI-PMH>